000 01087nam a22002417a 4500
003 NALT
005 20251125233019.0
008 s2550 th tha d
020 _a9789748450490
040 _aNALT
041 _atha
090 _aKB25
_bซ499ก 2550
100 0 _aเซกิ
245 1 0 _aเกาะบัลลังก์ตุลาการ ก่อนทุบ ทรท.-ปชป. ตอน ยุบ ทรท. คนนอกตั้งใจหรือคนในผิดพลาด /
_cเซกิ.
260 _aนนทบุรี :
_bเรดิโอซัคเซส,
_c2550.
300 _a243 หน้า :
_bภาพประกอบ ;
_c21 ซม.
650 0 4 _aพรรคไทยรักไทย -- การพิจารณาและตัดสินคดี
650 0 4 _aคดียุบพรรคการเมือง
850 _aNALT
856 4 0 _uhttps://hdl.handle.net/20.500.14156/303017
942 _cLB
_2local
998 _c103
_j109
_k อารีรัตน์ วิชาช่าง
999 _c51038
_d51038